Score 0/18 Timer 01:30
3 Plays Today
HINT 3 LETTER WORD % Correct
Some Like It ___HOT
93.8%
OinkerPIG
93%
▲ OVERSIZE ▲▲ BIG ▲
91%
▲ FEDORA OR FEZ ▲▲ HAT ▲
90.7%
▲ SODA, IN SOME PLACES ▲▲ POP ▲
87.5%
▲ GRATUITY ▲▲ TIP ▲
87.1%
Morse code unitDOT
86.3%
Attila, famouslyHUN
81%
Kind of beer or danceTAP
80.8%
HINT 3 LETTER WORD % Correct
▲ TRIP AROUND THE TRACK ▲▲ LAP ▲
80.3%
Dice markPIP
79.1%
Galactic smuggler, to LukeHAN
75%
Cut shortLOP
71.1%
Fen or mireBOG
70%
▲ SCHIPPERKE OR SCHNOODLE ▲▲ DOG ▲
68.2%
Measure of weightTON
55.2%
Measure of liquidTUN
49.7%
▲ COMMON BOND ▲▲ TOP ▲
35.6%

Today's Daily Dose

Missing Word
Lizzo Songs

Get the Picture
The Longest Rivers

Remove Ads.
Support Sporcle.
Get the best of Sporcle when you Go Orange. This ad-free experience offers more features, more stats, and more fun while also helping to support Sporcle. Thank you for becoming a member.

You're not logged in!

Compare scores with friends on all Sporcle quizzes.
OR
Log In

Show Comments

Extras

Top Quizzes Today


Score Distribution

Your Account Isn't Verified!

In order to create a playlist on Sporcle, you need to verify the email address you used during registration. Go to your Sporcle Settings to finish the process.

Report this User

Report this user for behavior that violates our Community Guidelines.

Details: